Popstars and bands by their songs - Statistics

General Stats
  • This quiz has been taken 279 times
  • The average score is 11 of 20
Answer Stats
Hint Answer % Correct
Firework Katy Perry
94%
Shake It Off Taylor Swift
89%
All I Want For Christmas Is You Mariah Carey
81%
Story Of My Life One Direction
80%
Someone Like You Adele
76%
All About That Bass Meghan Trainor
72%
Problem Ariana Grande
63%
Stay With Me Sam Smith
60%
Happy Pharrell Williams
55%
Burn Ellie Goulding
48%
Let It Be The Beatles
48%
She Looks So Perfect 5 seconds of summer
47%
Rude Magic
47%
Troublemaker Olly Murs
46%
Summer Calvin Harris
40%
Let It Go Idina Menzel
35%
Somebody To You The Vamps
27%
Ghost Ella Henderson
25%
I Will Never Let You Down Rita Ora
24%
That's All Right Elvis Presley
5%
No matching quizzes found
Score Distribution
Percent of People with Each Score
Percentile by Number Answered
Your Score History
You have not taken this quiz